IATA-Codes der deutschen Inselflugplätze - Statistiken

Allgemein
  • Dieses Quiz wurde 4 mal gespielt
  • Das Durchschnittsergebnis liegt bei 2 aus 11
Antwortstatistiken
Bundesland Insel / Ort Art ICAO-Code IATA-Code % Korrekt
SH Sylt / Westerland VF EDXW GWT
100%
MV Usedom / Heringsdorf VF EDAH HDF
67%
NI Juist VL EDWJ JUI
33%
NI Wangerooge VL EDWG AGE
0%
NI Borkum VL EDWR BMK
0%
NI Baltrum VL EDWZ BMR
0%
MV Rügen / Bergen VL EDCG GTI
0%
SH Helgoland-Düne VL EDXH HGL
0%
NI Langeoog VL EDWL LGO
0%
NI Norderney VL EDWY NRD
0%
SH Föhr / Wyk VL EDXY OHR
0%
Keine übereinstimmenden Quizze gefunden
Verteilung der Resultate
Anzahl Personen mit jedem Resultat
Perzentil nach korrekt beantworteten Fragen
Ihre Resultats-Entwicklung
Sie haben dieses Quiz noch nicht gespielt